书目信息 |
| 书名: | Physical Chemistry | |
| 作者: | Walter J.Moore. | |
| 分册号: | ||
| 分册名: | 出版地: | ENGLEWOOD CLIFFS : |
|
| 出版社: | PRENTICE-HALL,INC | |
| 出版时间: | 1955. | |
| 页数: | 633 p. ; | |
| 开本: | 20cm. | |
| 丛书名: | ||
| 中图分类号: | ||
| 科图分类号: | ||
| 其他分类号: | O64:H31 | |
| 主题词: | ||
| 电子资源: | ||
| 000 | 00412nam 2200157 a 4500 | |
| 001 | E0758030969 | |
| 005 | 20070305161029.80 | |
| 008 | 070301s1955 00010 eng | |
| 020 | @cCNY4.40. | |
| 040 | @aPFT@beng | |
| 090 | @aO64:H31 | |
| 099 | @dO64:H31@ex15=2 | |
| 245 | @aPhysical Chemistry / @cWalter J.Moore. | |
| 250 | @a2nd ed. | |
| 260 | @aENGLEWOOD CLIFFS :@bPRENTICE-HALL,INC.,@c1955. | |
| 300 | @a633 p. ;@c20cm. | |
| Physical Chemistry / / Walter J.Moore.-2nd ed.-ENGLEWOOD CLIFFS : : PRENTICE-HALL,INC., , 1955. |
| 633 p. ; ; 20cm. |
| ISBN CNY4.40. |
| ● |
| 相关链接 |
|
|
|
|
正题名:Physical Chemistry
索取号:O64:H31/x15=2
 
预约/预借
| 序号 | 登录号 | 条形码 | 馆藏地/架位号 | 状态 | 备注 |
| 1 | 0000183 | 300001833 | 第四借阅区/ [索取号:O64:H31/x15=2] | 在馆 |